| 000 | 01067nmm a2200253 a 4500 | ||
|---|---|---|---|
| 999 |
_c7621 _d7621 |
||
| 003 | OSt | ||
| 005 | 20211228104302.0 | ||
| 008 | 200425s2004 sp d d 1|| c|spa | ||
| 017 | _aD.L. C. 2863-2004 | ||
| 020 | _a8497503937 | ||
| 040 |
_aUMA.CIN. _dBUS _bcat _cCDMR |
||
| 080 | _a070:004(063) | ||
| 080 | _a070.489 | ||
| 080 | _a004:070(063) | ||
| 111 | 2 |
_aCongreso Iberoamericano de Xornalismo Dixital ( _d2004 : _cSantiago de Compostel·la) |
|
| 245 | 1 | 0 |
_aCara a novos espazos ciberxornalísticos _h[Recurs electrònic]: _bactas do Congreso Iberoamericano de Xornalismo Dixital, Santiago de Compostela, 29-30 de novembro de 2004 / _cedición a cargo de María Luisa Otero...[et al.] |
| 260 |
_aSantiago de Compostela : _bUniversidade, Servizo de Publicacións e Intercambio Científico, _c[2005?] |
||
| 300 |
_a1 disc òptic (CD-ROM); _c12 cm |
||
| 490 | 0 |
_aCursos e Congresos ; _v154 |
|
| 650 | 0 | 0 |
_aPeriodisme digital _93076 _xCongressos |
| 700 |
_aOtero, María Luisa _94813 |
||
| 710 | 2 |
_aUniversidade de Santiago de Compostela _93681 |
|
| 942 |
_2udc _cADV |
||